History of the Christian Church (Record no. 19699)
[ view plain ]
| 000 -LEADER | |
|---|---|
| fixed length control field | 00531cam a2200205u 4500 |
| 001 - CONTROL NUMBER | |
| control field | 8139103 |
| 003 - CONTROL NUMBER IDENTIFIER | |
| control field | OSt |
| 005 - DATE AND TIME OF LATEST TRANSACTION | |
| control field | 20221026153000.0 |
| 008 - FIXED-LENGTH DATA ELEMENTS--GENERAL INFORMATION | |
| fixed length control field | 821001m18591867xx 000 0 eng |
| 010 ## - LIBRARY OF CONGRESS CONTROL NUMBER | |
| LC control number | unk82044301 |
| 020 ## - INTERNATIONAL STANDARD BOOK NUMBER | |
| International Standard Book Number | 1346209654 |
| 040 ## - CATALOGING SOURCE | |
| Original cataloging agency | DLC |
| Transcribing agency | CarP |
| Modifying agency | DLC |
| 050 00 - LIBRARY OF CONGRESS CALL NUMBER | |
| Classification number | BR145 |
| Item number | .S34 1858 |
| 100 1# - MAIN ENTRY--PERSONAL NAME | |
| Personal name | Schaff, Philip, |
| 245 00 - TITLE STATEMENT | |
| Title | History of the Christian Church |
| 260 ## - PUBLICATION, DISTRIBUTION, ETC. (IMPRINT) | |
| Place of publication, distribution, etc. | New York |
| Date of publication, distribution, etc. | Charles scribner |
| Name of publisher, distributor, etc. | 1858 |
| 300 ## - PHYSICAL DESCRIPTION | |
| Extent | xii, 585p. |
| 906 ## - LOCAL DATA ELEMENT F, LDF (RLIN) | |
| a | 0 |
| b | cbc |
| c | premunv |
| d | u |
| e | ncip |
| f | 19 |
| g | y-gencatlg |
| 942 ## - ADDED ENTRY ELEMENTS (KOHA) | |
| Source of classification or shelving scheme | Library of Congress Classification |
| Koha item type | General Collection |
| Withdrawn status | Lost status | Source of classification or shelving scheme | Not for loan | Home library | Current library | Date acquired | Cost, normal purchase price | Total Checkouts | Full call number | Barcode | Date last seen | Date last checked out | Price effective from | Koha item type |
|---|---|---|---|---|---|---|---|---|---|---|---|---|---|---|
| Library of Congress Classification | Kabarak, Main Campus | Kabarak, Main Campus | 26/10/2022 | 6858.00 | 2 | BR145 .S34 1858 c.1 | 032679 | 02/08/2024 | 17/02/2023 | 26/10/2022 | General Collection |